Basic Electronics / (Record no. 194236)

000 -LEADER
fixed length control field 00527 a2200169 4500
003 - CONTROL NUMBER IDENTIFIER
control field Nust
005 - DATE AND TIME OF LATEST TRANSACTION
control field 20221122093644.0
040 ## - CATALOGING SOURCE
Transcribing agency Nust
082 ## - DEWEY DECIMAL CLASSIFICATION NUMBER
Classification number 621.381,WIL
100 ## - MAIN ENTRY--PERSONAL NAME
Personal name Glade Wilcox
9 (RLIN) 103317
245 ## - TITLE STATEMENT
Title Basic Electronics /
Statement of responsibility, etc. Glade Wilcox
260 ## - PUBLICATION, DISTRIBUTION, ETC.
Place of publication, distribution, etc. New York
Name of publisher, distributor, etc. Holt , Rinehart and Winston
Date of publication, distribution, etc. 1960
300 ## - PHYSICAL DESCRIPTION
Extent 402p;
505 ## - FORMATTED CONTENTS NOTE
Formatted contents note Part.1: How Electronics Components Work (Page-1), Part.2: Basic Circuits (Page-173), Part.3: Application (Page-353).
650 ## - SUBJECT ADDED ENTRY--TOPICAL TERM
Topical term or geographic name entry element Telecommunication Engineering
942 ## - ADDED ENTRY ELEMENTS (KOHA)
Source of classification or shelving scheme
Koha item type Book
Holdings
Withdrawn status Lost status Source of classification or shelving scheme Damaged status Not for loan Permanent Location Current Location Shelving location Date acquired Full call number Barcode Date last seen Price effective from Koha item type Public note
          Military College of Signals (MCS) Military College of Signals (MCS) General Stacks 12/12/2016 621.381,WIL MCS5717 12/08/2016 12/12/2016 Book Almirah No.31, Shelf No.6
© 2023 Central Library, National University of Sciences and Technology. All Rights Reserved.